000 00637nam a2200229Ia 4500
005 20260629163253.0
008 260629s9999||||xx |||||||||||||| ||und||
020 _a9788195895076
_qhb
082 _a657.3
_bSUN
100 _aSundarka, Anurag
245 0 _aFinancial statement analysis handbook
260 _a[Surat]
_bZebraLearn
_c2023
300 _a418p. ; 21cm.
653 _aBalance sheet
653 _aBusiness enterprises—Finance
653 _aCash flow analysis
653 _aCorporations—Accounting
653 _aIncome statement
653 _aInvestments—Evaluation
653 _aRatio analysis
942 _cBK
999 _c57274
_d57274